000
00278nam a2200109Ia 4500
008
220204s9999 xx 000 0 und d
082
_a
32(595)
_b
GHO
100
_a
Kalyan Kumar Ghosh
245
0
_a
Twentieth century Malaysia
260
_a
Calcutta
_b
Progressive
_c
1977
942
_c
BK
999
_c
25537
_d
25537